000 00328nam a2200121 a 4500
001 4140
005 20140414131957.0
008 090218s19uu xx 00 eng d
050 _aTR 649
_bP21 2004
245 _aParent's guide :
_bto give your child a head start in school.
440 _aEarly learning program
999 _c112975
_d112975